000 00785nam a2200217 i 4500
001 160375
003 ES-MaACL
005 20250626193831.0
008 040923s1868 sp |||| | spa d
040 _aCAM
_bspa
_cCAM
080 _a32(460.187 Béjar)"18"
080 _a32(460)"1868"
100 1 _aMuñoz Peña, Juan.
_9130323
245 1 0 _aBéjar, reseña al vapor de sus hechos políticos pasados y presentes
_b: 1868 /
_cpor Juan Muñoz Peña.
260 _aSalamanca :
_b[s.n.],
_c1868 (
_fEst. Tip. de Oliva)
300 _a84 p. ;
_c21 cm.
651 4 _aBéjar-
_xPolítica y gobierno-
_vHistoria.
_9161804
651 7 _aEspaña-
_xPolítica y gobierno-
_yS.XIX
_2
_9161744
852 _aES-MaACL
_jG-451
_z- Enc. hol., con hierros dorados
999 _c160375
_d160375